Beautiful Liar - Beyoncé & Shakira - All Lyrics - Statistics

General Stats
  • This quiz has been taken 149 times
  • The average score is 249 of 321
Answer Stats
Answer % Correct
a
100%
be
100%
I
99%
(Ha, ha, ha)
98%
Oh,
98%
(Oh)
98%
(Ooh)
98%
liar
96%
Ay,
95%
ay,
95%
ay
95%
(Ay)
95%
ay)
95%
beautiful
95%
(Hey)
95%
(Hey,
95%
the
95%
The
95%
He
94%
it,
93%
it?
93%
Beyoncé,
92%
Beyoncé
92%
Shakira,
92%
Shakira
92%
on
91%
you
91%
You
91%
you,
91%
to
90%
we
90%
We
90%
one
89%
not
88%
who
88%
For
87%
is
87%
It's
84%
it's
84%
about
82%
and
82%
And
82%
when
82%
When
82%
can
81%
let
81%
me,
80%
me
80%
go
79%
said
79%
worth
79%
again
78%
I'm
78%
in
78%
just
77%
Just
77%
have
74%
our
74%
fight
73%
know
73%
He’s
72%
how
72%
but
71%
But
71%
Let's
71%
start
70%
time
70%
with
69%
drama
67%
him
67%
him,
67%
laugh
67%
then
67%
gone
64%
his
64%
saw
64%
desire
63%
Tell
63%
are
61%
blame
61%
only
61%
Can't
60%
cry
60%
kill
59%
that
59%
your
59%
say
58%
simple
58%
forgive
57%
innocence
57%
karma
57%
love
57%
never
57%
pain
57%
live
56%
answer
55%
Why
55%
did
54%
without
54%
suffer?
52%
who's
52%
could
51%
won't
51%
hurt
50%
ones
50%
together
50%
things
48%
over
47%
slow
46%
of
45%
out
45%
wish
45%
free
44%
ashamed
43%
dancin'
41%
Nobody
41%
didn't
40%
wrong?
40%
followed
39%
kissed
39%
trusted
39%
wanna
38%
We'll
37%
everything,
36%
(Yes),
35%
walked
34%
found
33%
likes
33%
wouldn't
33%
being
30%
heartbreak's
30%
played
28%
stole
28%
read
26%
'til
23%
tolerate
21%
scene,
20%
No matching quizzes found
Score Distribution
Percent of People with Each Score
Percentile by Number Answered
Your Score History
You have not taken this quiz